| 000 | 01187 a2200253 4500 | ||
|---|---|---|---|
| 001 | 45035 | ||
| 005 | 20260407155725.0 | ||
| 008 | 260407a2010 arg spa d | ||
| 003 | AR-UNSa-BCEJYS | ||
| 040 |
_aAR-UNSa-BCEJYS _bspa _cAR-UNSa-BCEJYS |
||
| 080 |
_a304.4 _xAspectos generales de las políticas y prácticas sociales y culturales (política social) |
||
| 245 | 1 | 0 |
_aThink tanks, decisores gubernamentales y actores políticos _pfactores críticos para fortalecer el vínculo entre el conocimiento y las políticas públicas en Argentina |
| 020 | _a978-987-26589-0-8 | ||
| 264 | 1 |
_aBuenos Aires : _bFundación Siena _c2010 |
|
| 300 |
_a77 p. _c30 cm. |
||
| 505 | _a1.Think tanks y políticas pùblicas – 2. El mapa los de thinks en la Argentina – 3. Recursos humanos y financieros – 4. La generación y difusión del conocimiento – 5. La gestión de la incidencia – 6. Conclusiones. | ||
| 041 | _aspa | ||
| 942 | _cBK | ||
| 590 | _aniveau_biblio:m niveau_hierar:0 | ||
| 100 | 1 | _aLupica, Carina | |
| 700 | 1 | _aUña, Gerardo | |
| 700 | 1 | _aStrazza, Luciano | |
| 856 | 4 | 1 |
_uhttps://www.biblioeco.unsa.edu.ar/pmb/images/libros/L127059.jpg _yImagen de portada _qimage/jpeg |
| 999 |
_c3886 _d3886 |
||